| 000 | 00408nam a2200157Ia 4500 | ||
|---|---|---|---|
| 020 | _a0804816948 | ||
| 040 | _cBRL | ||
| 082 | _a495 YEN 1992 A022 Or. | ||
| 100 | 1 | _aSeward, Jack | |
| 245 | 1 | 0 |
_aOutrageous Japanese : _bslang, curses & epithets / |
| 260 |
_aTokyo, Japan : _bYenbooks, _c1992, cl991 |
||
| 300 | _a104 p. ; 24 cm | ||
| 650 | 0 | _aJapanese language | |
| 650 | 0 | _aJapanese language | |
| 942 | _cEK | ||
| 999 |
_c13105 _d13105 |
||